Исследование методов, рекомендующих студенту маршрут прохождения электронного ресурса дисциплины для разработки СППР; Прогрессивные технологии и экономика в машиностроении

Bibliografske podrobnosti
Parent link:Прогрессивные технологии и экономика в машиностроении.— 2013.— [С. 275-277]
Glavni avtor: Туралина Н. В.
Korporativna značnica: Национальный исследовательский Томский политехнический университет (ТПУ) Юргинский технологический институт (филиал) (ЮТИ) Кафедра информационных систем (ИС)
Drugi avtorji: Молнина Е. В. Елена Владимировна (научный руководитель)
Izvleček:Заглавие с экрана
Jezik:ruščina
Izdano: 2013
Serija:Автоматизация и информатизация на производстве и в образовательном процессе
Teme:
Online dostop:http://www.lib.tpu.ru/fulltext/c/2013/C57/123.pdf
Format: Elektronski Book Chapter
KOHA link:https://koha.lib.tpu.ru/cgi-bin/koha/opac-detail.pl?biblionumber=606162

MARC

LEADER 00000naa2a2200000 4500
001 606162
005 20231101132405.0
035 |a (RuTPU)RU\TPU\conf\3541 
035 |a RU\TPU\conf\3540 
090 |a 606162 
100 |a 20140521d2013 k y0rusy50 ca 
101 0 |a rus  |g rus 
102 |a RU 
105 |a y z 100zy 
135 |a drcn ---uucaa 
181 0 |a i  
182 0 |a b 
200 1 |a Исследование методов, рекомендующих студенту маршрут прохождения электронного ресурса дисциплины для разработки СППР  |f Н. В. Туралина  |g науч. рук. Е. В. Молнина 
203 |a Текст  |c электронный 
215 |a 1 файл(399 Кб) 
225 1 |a Автоматизация и информатизация на производстве и в образовательном процессе 
230 |a Электронные текстовые данные (1 файл: 399 Кб) 
300 |a Заглавие с экрана 
320 |a [Библиогр.: с. 277 (2 назв.)] 
337 |a Adobe Reader 
463 1 |0 (RuTPU)RU\TPU\conf\2057  |t Прогрессивные технологии и экономика в машиностроении  |o сборник трудов IV Всероссийской научно-практической конференции с элементами научной школы для студентов и учащейся молодежи, 4-6 апреля 2013 года, Юрга  |f Национальный исследовательский Томский политехнический университет (ТПУ), Юргинский технологический институт (ЮТИ) ; отв. за вып. Д. А. Чинахов  |v [С. 275-277]  |d 2013 
610 1 |a электронный ресурс 
610 1 |a труды учёных ТПУ 
610 1 |a студенты 
610 1 |a электронные ресурсы 
610 1 |a дисциплины 
610 1 |a СППР 
700 1 |a Туралина  |b Н. В. 
702 1 |a Молнина  |b Е. В.  |c российский учёный в области информационных систем  |c старший преподаватель Юргинского технологического института (филиал) Томского политехнического университета  |g Елена Владимировна  |2 stltpush  |4 727 
712 0 2 |a Национальный исследовательский Томский политехнический университет (ТПУ)  |b Юргинский технологический институт (филиал) (ЮТИ)  |b Кафедра информационных систем (ИС)  |h 1492  |2 stltpush  |3 (RuTPU)RU\TPU\col\18893 
801 1 |a RU  |b 63413507  |c 20101016 
801 2 |a RU  |b 63413507  |c 20140521  |g RCR 
856 4 |u http://www.lib.tpu.ru/fulltext/c/2013/C57/123.pdf 
942 |c BK